<?xml version="1.0" encoding="UTF-8"?>
<record
    xmlns:xsi="http://www.w3.org/2001/XMLSchema-instance"
    xsi:schemaLocation="http://www.loc.gov/MARC21/slim http://www.loc.gov/standards/marcxml/schema/MARC21slim.xsd"
    xmlns="http://www.loc.gov/MARC21/slim">

  <leader>01485nam a22002537a 4500</leader>
  <controlfield tag="003">OSt</controlfield>
  <controlfield tag="005">20250414162221.0</controlfield>
  <controlfield tag="008">210806t2003    ck ||||er|||| 00| f spa d</controlfield>
  <datafield tag="020" ind1=" " ind2=" ">
    <subfield code="a">9587060210</subfield>
    <subfield code="q">Colecci&#xF3;n</subfield>
  </datafield>
  <datafield tag="020" ind1=" " ind2=" ">
    <subfield code="a">9587060423</subfield>
    <subfield code="q">Volumen</subfield>
  </datafield>
  <datafield tag="040" ind1=" " ind2=" ">
    <subfield code="a">CO-JMCR</subfield>
    <subfield code="c">CO-JMCR</subfield>
  </datafield>
  <datafield tag="041" ind1="0" ind2=" ">
    <subfield code="a">spa</subfield>
  </datafield>
  <datafield tag="082" ind1="0" ind2="4">
    <subfield code="a">A-N</subfield>
    <subfield code="b">DIAm1</subfield>
    <subfield code="2">23</subfield>
  </datafield>
  <datafield tag="100" ind1="1" ind2=" ">
    <subfield code="a">D&#xED;az Castro, Eugenio, </subfield>
    <subfield code="e">autor</subfield>
    <subfield code="9">39166</subfield>
  </datafield>
  <datafield tag="245" ind1="1" ind2="0">
    <subfield code="a">Manuela / </subfield>
    <subfield code="c">Eugenio D&#xED;az Castro</subfield>
  </datafield>
  <datafield tag="260" ind1=" " ind2=" ">
    <subfield code="a">Bogot&#xE1; : </subfield>
    <subfield code="b">El Tiempo, </subfield>
    <subfield code="c">&#xA9;2003</subfield>
  </datafield>
  <datafield tag="300" ind1=" " ind2=" ">
    <subfield code="a">454 p&#xE1;ginas ; </subfield>
    <subfield code="c">21 cm.</subfield>
  </datafield>
  <datafield tag="490" ind1="0" ind2=" ">
    <subfield code="a">Biblioteca El Tiempo. Serie Colombia ; </subfield>
    <subfield code="v">26</subfield>
  </datafield>
  <datafield tag="500" ind1=" " ind2=" ">
    <subfield code="a">Incluye datos biogr&#xE1;ficos del autor.</subfield>
  </datafield>
  <datafield tag="520" ind1="3" ind2=" ">
    <subfield code="a">Los cuadros de costumbres no se inventan, sino que se copian" le hab&#xED;a dicho don Eugenio D&#xED;az Castro a don Jos&#xE9; Mar&#xED;a Vergara y Vergara, cabeza inspiradora del grupo de El Mosaico, y aquella frase fue decisiva para que don Jos&#xE9; Maria ordenara la publicaci&#xF3;n por entregas, en El Mosaico, de Manuela, novela de costumbres rurales, seg&#xFA;n lo ha sostenido la cr&#xED;tica, y seg&#xFA;n lo cre&#xED;a su propio autor; pero en Manuela hay mucho m&#xE1;s que simple descripci&#xF3;n de costumbres rurales. Sus personajes trascienden el costumbrismo-rural y pol&#xED;tico-y adquieren una dimensi&#xF3;n humana y sicol&#xF3;gica que los hace entendibles para el lector de cualquier &#xE9;poca y de cualquier lugar.</subfield>
  </datafield>
  <datafield tag="650" ind1="1" ind2="4">
    <subfield code="a">Literatura colombiana</subfield>
    <subfield code="v">Novela</subfield>
    <subfield code="x">Vida social y costumbres</subfield>
    <subfield code="y">Siglo xix </subfield>
    <subfield code="z">Colombia</subfield>
    <subfield code="9">39167</subfield>
  </datafield>
  <datafield tag="650" ind1="2" ind2="4">
    <subfield code="2">Novela hist&#xF3;rica</subfield>
    <subfield code="z">Colombia</subfield>
    <subfield code="9">39168</subfield>
  </datafield>
  <datafield tag="942" ind1=" " ind2=" ">
    <subfield code="2">ddc</subfield>
    <subfield code="c">BK</subfield>
  </datafield>
  <datafield tag="999" ind1=" " ind2=" ">
    <subfield code="c">15570</subfield>
    <subfield code="d">15570</subfield>
  </datafield>
  <datafield tag="952" ind1=" " ind2=" ">
    <subfield code="0">0</subfield>
    <subfield code="1">0</subfield>
    <subfield code="2">ddc</subfield>
    <subfield code="4">0</subfield>
    <subfield code="7">0</subfield>
    <subfield code="8">FIC</subfield>
    <subfield code="a">CPL</subfield>
    <subfield code="b">CPL</subfield>
    <subfield code="d">2021-08-06</subfield>
    <subfield code="e">Donaci&#xF3;n</subfield>
    <subfield code="l">0</subfield>
    <subfield code="o">A-N DIAm1</subfield>
    <subfield code="p">201811112</subfield>
    <subfield code="r">2021-08-06 00:00:00</subfield>
    <subfield code="t">Ej.1</subfield>
    <subfield code="w">2021-08-06</subfield>
    <subfield code="y">BK</subfield>
    <subfield code="z">Material con deterioro biol&#xF3;gico.</subfield>
  </datafield>
</record>
